| 000 | 00515cam a2200193ua 4500 | ||
|---|---|---|---|
| 001 | 1838 | ||
| 008 | 110811n ii |||gr||||Z||||||eng | ||
| 020 | _a0-7069-4355-4 | ||
| 040 | _cMAIN | ||
| 082 | _a370.15 | ||
| 100 |
_aChauhan, S. S, _eAuthor. |
||
| 245 | 1 |
_aAdvanced educational psychology _cby S. S. Chauhan |
|
| 250 | _a4th. | ||
| 260 |
_aNew Delhi: _bVikas publishing house pvt. ltd,988. |
||
| 300 |
_axiii; 536p: _c23cm. |
||
| 653 | _aEducation | ||
| 653 | _aAdvanced educational psychology | ||
| 942 | _cBK | ||
| 999 |
_c1721 _d1721 |
||